Affrontez l'Alphabet #17 - Statistiques

Statistiques générales
  • Ce quiz a été pris 107 fois
  • Le résultat moyen est 6 sur 11
Statistiques - réponses
Hint Réponse % Correct
Donne les 2 lettres manquantes dans le nom de ce panneau : _oie de _étresse
VD
100%
Donne les 2 lettres manquantes dans le nom de la commune française en photo : Mor_ai_
LX
76%
Donne les 2 lettres manquantes dans le nom de cette épice en poudre de couleur rouge obtenue à partir du fruit mûr, séché et moulu du piment doux ou poivron : _apri_a
PK
76%
Donne les 2 lettres manquantes dans le nom de cette chanteuse et femme politique grecque : Nana Mou_kour_
SI
62%
Donne les 2 lettres manquantes dans le nom de ce couteau du Moyen Âge qui sert à désigner le pénis en argot : Le _ra_uemard
BQ
55%
Donne les 2 lettres manquantes dans le nom de la chanson de Johnny Nash sortie en 1972 reprise avec succès par Jimmy Cliff en 1992 dans la bande son du film Rasta Rockett : "I Can See Clearly _o_"
NW
41%
Donne les 2 lettres manquantes dans le nom de cet écrivain qui a obtenu le prix Renaudot pour Naissance en 2013 : _ann _oix
YM
38%
Donne les 2 lettres manquantes dans le nom de cette voiture de sport : Del _re_n DMC-12
OA
37%
Donne les 2 lettres manquantes dans le nom de l'apôtre qui a facilité l'arrestation de Jésus par les grands prêtres de Jérusalem, qui le menèrent ensuite devant Ponce Pilate : Judas Is_ario_e
CT
32%
Donne les 2 lettres manquantes dans cette réplique du film "Les Bronzés font du ski" : Jean-Claude Dusse : "s'il vous plaît mademoiselle, j'aurais voulu prendre une leçon particulière avec Anne Lau_ _ncin."
RE
28%
Dernière Question : Donne la lettre qui complète le nom désignant les arbitres au football américain : _ebras
Z
24%
Aucun quiz correspondant
Distribution des résultats
% des personnes avec chaque résultat
Percentile par nombre de réponses
Votre historique - résultats
Vous n’avez pas pris ce quiz